Bạn muốn loại trừ stress và lo âu
Tallennettuna:
| Päätekijä: | |
|---|---|
| Aineistotyyppi: | Kirja |
| Kieli: | Undetermined |
| Julkaistu: |
Hà Nội
Phụ nữ
2004
|
| Aiheet: | |
| Tagit: |
Lisää tagi
Ei tageja, Lisää ensimmäinen tagi!
|
| Thư viện lưu trữ: | Trung tâm Học liệu Trường Đại học Cần Thơ |
|---|
| LEADER | 00583nam a2200193Ia 4500 | ||
|---|---|---|---|
| 001 | CTU_65206 | ||
| 008 | 210402s9999 xx 000 0 und d | ||
| 020 | |b 23000 | ||
| 082 | |a 155.9 | ||
| 082 | |b C257 | ||
| 100 | |a Carnegie Dale | ||
| 245 | 0 | |a Bạn muốn loại trừ stress và lo âu | |
| 245 | 0 | |c Dale Carnegie | |
| 260 | |a Hà Nội | ||
| 260 | |b Phụ nữ | ||
| 260 | |c 2004 | ||
| 650 | |a Stress(Psychology),Anxiety | ||
| 904 | |i Mai Loan, Mai sửa từ 616.98 thành 155.9 chưa in nhãn PL | ||
| 980 | |a Trung tâm Học liệu Trường Đại học Cần Thơ | ||